[Event "Budapest FS11 FM-A"]
[Site "Budapest"]
[Date "2010.11.14"]
[Round "8"]
[White "Rousseau, Daniel"]
[Black "Zala, Gyula"]
[Result "0-1"]
[WhiteElo "2077"]
[BlackElo "1988"]
[PlyCount "78"]
[GameId "1166653827272704"]
[EventDate "2010.11.06"]
[EventType "tourn"]
[EventRounds "11"]
[EventCountry "HUN"]
[SourceTitle "EXT 2011"]
[Source "ChessBase"]
[SourceDate "2011.11.26"]
[SourceVersion "1"]
[SourceVersionDate "2011.11.26"]
[SourceQuality "1"]

1. e4 e5 2. Nf3 d5 3. exd5 e4 4. Qe2 Be7 5. Qxe4 Nf6 6. Bb5+ c6 7. dxc6 bxc6 8. Bxc6+ Nxc6 9. Qxc6+ Bd7 10. Qa6 Rb8 11. Nc3 Rb6 12. Qd3 Rd6 13. Qc4 Re6+ 14. Ne2 Qa8 15. O-O O-O 16. Ned4 Re4 17. Re1 Bf5 18. Qf1 Be6 19. Rxe4 Nxe4 20. d3 Nc5 21. b4 Na4 22. Nxe6 fxe6 23. Qe2 Bf6 24. Qxe6+ Kh8 25. Ne5 Bxe5 26. Qxe5 Re8 27. Qxe8+ Qxe8 28. Be3 Qd7 29. d4 Qd5 30. c4 Qxc4 31. Rc1 Nc3 32. Kh1 Qd3 33. h3 h6 34. a3 Kh7 35. Kh2 a6 36. a4 Nxa4 37. Rc7 Nc3 38. Re7 Nd5 39. Re5 Nxb4 0-1

[Event "Budapest FS11 FM-A"]
[Site "Budapest"]
[Date "2010.11.16"]
[Round "10"]
[White "Rousseau, Daniel"]
[Black "Tran, Minh Thang1"]
[Result "1-0"]
[WhiteElo "2077"]
[BlackElo "2068"]
[PlyCount "100"]
[GameId "1166653827313664"]
[EventDate "2010.11.06"]
[EventType "tourn"]
[EventRounds "11"]
[EventCountry "HUN"]
[SourceTitle "EXT 2011"]
[Source "ChessBase"]
[SourceDate "2011.11.26"]
[SourceVersion "1"]
[SourceVersionDate "2011.11.26"]
[SourceQuality "1"]

1. c4 e6 2. Nc3 f5 3. g3 Nf6 4. Bg2 c6 5. Nf3 d5 6. d4 Bd6 7. Bf4 Bxf4 8. gxf4 Ne4 9. O-O O-O 10. Ne5 Qh4 11. e3 Nd7 12. Nf3 Qe7 13. Nxe4 fxe4 14. Nd2 Qh4 15. f3 g5 16. fxe4 gxf4 17. Nf3 Qh5 18. exd5 cxd5 19. cxd5 exd5 20. exf4 Rxf4 21. Qb3 Nb6 22. Ne5 Rxf1+ 23. Rxf1 Be6 24. a4 Qh4 25. Nf3 Qe7 26. Ne5 Rf8 27. Rxf8+ Kxf8 28. a5 Nd7 29. Qxb7 Nxe5 30. Qb8+ Kf7 31. Qxe5 Qb7 32. Qh5+ Kg7 33. Qg5+ Kf7 34. Bf3 Qe7 35. Bh5+ Kf8 36. Qxe7+ Kxe7 37. Kf2 Bd7 38. Be2 Kf6 39. Kg3 Ba4 40. b4 Bb3 41. Kf4 h6 42. b5 Ke6 43. b6 axb6 44. axb6 Kd6 45. Bb5 h5 46. Kg5 Bd1 47. Be8 Be2 48. Bxh5 Bd3 49. Kf6 Bb5 50. Bf7 Bd7 1-0

[Event "Kecskemet Caissa Rating 11"]
[Site "Kecskemet"]
[Date "2010.11.19"]
[Round "1"]
[White "Rousseau, Daniel"]
[Black "Marosi, Csaba"]
[Result "1/2-1/2"]
[WhiteElo "2077"]
[BlackElo "2078"]
[PlyCount "47"]
[GameId "1166653858947072"]
[EventDate "2010.11.19"]
[EventType "tourn"]
[EventRounds "10"]
[EventCountry "HUN"]
[SourceTitle "EXT 2013"]
[Source "ChessBase"]
[SourceDate "2012.11.22"]
[SourceVersion "1"]
[SourceVersionDate "2012.11.22"]
[SourceQuality "1"]

1. e4 Nf6 2. e5 Nd5 3. d4 d6 4. Nf3 Nb6 5. Be2 g6 6. O-O Bg7 7. exd6 cxd6 8. c4 O-O 9. h3 Nc6 10. Nc3 Bf5 11. Be3 d5 12. c5 Nc4 13. g4 Nxe3 14. fxe3 Be4 15. Nxe4 dxe4 16. Ne1 Qd5 17. b3 Qg5 18. Ng2 Rad8 19. h4 Qd5 20. Re1 Qd7 21. Bc4 Na5 22. Be2 Nc6 23. Bc4 Na5 24. Be2 1/2-1/2

[Event "Kecskemet Caissa Rating 11"]
[Site "Kecskemet"]
[Date "2010.11.20"]
[Round "2"]
[White "Rousseau, Daniel"]
[Black "Erdelyi, Tamas"]
[Result "0-1"]
[WhiteElo "2077"]
[BlackElo "2164"]
[PlyCount "128"]
[GameId "1166653858955264"]
[EventDate "2010.11.19"]
[EventType "tourn"]
[EventRounds "10"]
[EventCountry "HUN"]
[SourceTitle "EXT 2013"]
[Source "ChessBase"]
[SourceDate "2012.11.22"]
[SourceVersion "1"]
[SourceVersionDate "2012.11.22"]
[SourceQuality "1"]

1. e4 c5 2. Nf3 e6 3. d4 cxd4 4. Nxd4 a6 5. Bd3 Bc5 6. Nb3 Be7 7. Nc3 d6 8. O-O Nf6 9. Be3 Nbd7 10. f4 h5 11. Qf3 Qc7 12. Rae1 b5 13. e5 Bb7 14. Qd1 dxe5 15. fxe5 Qc6 16. Qe2 Nxe5 17. Na5 Qc7 18. Bf4 Qxa5 19. Bxe5 Qb6+ 20. Kh1 Ng4 21. Be4 Nxe5 22. Bxb7 Qxb7 23. Qxe5 Bf6 24. Rxf6 gxf6 25. Qxf6 Rg8 26. Ne4 Rd8 27. Qh4 Rd4 28. Nf6+ Kf8 29. Nxg8 Kxg8 30. h3 Qc7 31. Qf2 Qd6 32. Re3 Rd1+ 33. Re1 Rd2 34. Re2 Rd4 35. g3 Qd5+ 36. Kh2 Rd1 37. Qg2 Qxa2 38. Qf3 Qd5 39. Qxd5 Rxd5 40. Kg2 a5 41. Kf2 Kg7 42. Ke1 Kf6 43. Rf2+ Rf5 44. Rg2 Re5+ 45. Kd2 Kg5 46. Rf2 f5 47. Rf4 Rd5+ 48. Ke2 Rc5 49. Kd3 e5 50. h4+ Kf6 51. Rf1 Rc4 52. Kd2 f4 53. c3 a4 54. Rg1 fxg3 55. Rxg3 Rxh4 56. Rg8 b4 57. Rb8 bxc3+ 58. bxc3 Rg4 59. Kd3 h4 60. c4 h3 61. Rh8 Rg3+ 62. Ke4 a3 63. Rh6+ Kg7 64. Ra6 h2 0-1

[Event "Kecskemet Caissa Rating 11"]
[Site "Kecskemet"]
[Date "2010.11.20"]
[Round "3"]
[White "Riha, Alexander"]
[Black "Rousseau, Daniel"]
[Result "1-0"]
[WhiteElo "2077"]
[BlackElo "2077"]
[PlyCount "109"]
[GameId "1166653858967552"]
[EventDate "2010.11.19"]
[EventType "tourn"]
[EventRounds "10"]
[EventCountry "HUN"]
[SourceTitle "EXT 2013"]
[Source "ChessBase"]
[SourceDate "2012.11.22"]
[SourceVersion "1"]
[SourceVersionDate "2012.11.22"]
[SourceQuality "1"]

1. d4 Nf6 2. c4 g6 3. Nc3 Bg7 4. e4 d6 5. f4 O-O 6. Nf3 e5 7. dxe5 dxe5 8. Qxd8 Rxd8 9. Nxe5 Re8 10. Bd3 Nxe4 11. Bxe4 f6 12. O-O fxe5 13. f5 gxf5 14. Bxf5 Bxf5 15. Rxf5 Na6 16. Bg5 Rf8 17. Rxf8+ Rxf8 18. Rd1 e4 19. Be3 Bxc3 20. bxc3 Rf7 21. Rd8+ Kg7 22. Re8 Rd7 23. Rxe4 Rd1+ 24. Kf2 Ra1 25. Bd4+ Kg6 26. Re2 c5 27. Be3 Kf5 28. g3 Ke4 29. Bxc5+ Kd3 30. Bxa7 Kxc3 31. c5 Nb4 32. Kf3 Nc6 33. Re3+ Kd4 34. Ra3 Rb1 35. Bb6 Rb2 36. Ra4+ Kd5 37. Rh4 Ne5+ 38. Ke3 Rxa2 39. Rxh7 Ng4+ 40. Kf4 Nxh2 41. Rxb7 Rf2+ 42. Kg5 Nf3+ 43. Kg4 Ne5+ 44. Kh3 Rc2 45. Rg7 Ke6 46. Rg8 Kf5 47. Rf8+ Ke6 48. Rf1 Nd7 49. Kh4 Nf6 50. Re1+ Kf5 51. Rf1+ Kg6 52. Kh3 Ne4 53. Rf8 Rc3 54. Re8 Nxg3 55. Rg8+ 1-0

[Event "Kecskemet Caissa Rating 11"]
[Site "Kecskemet"]
[Date "2010.11.21"]
[Round "4"]
[White "Rousseau, Daniel"]
[Black "Zsiros, Laszlo"]
[Result "1/2-1/2"]
[WhiteElo "2077"]
[BlackElo "1971"]
[PlyCount "22"]
[GameId "1166653858983936"]
[EventDate "2010.11.19"]
[EventType "tourn"]
[EventRounds "10"]
[EventCountry "HUN"]
[SourceTitle "EXT 2013"]
[Source "ChessBase"]
[SourceDate "2012.11.22"]
[SourceVersion "1"]
[SourceVersionDate "2012.11.22"]
[SourceQuality "1"]

1. e4 c6 2. d4 d5 3. Nc3 dxe4 4. Nxe4 Nf6 5. Nxf6+ exf6 6. Bc4 Bd6 7. Ne2 O-O 8. O-O Re8 9. Bf4 Bg4 10. Bxd6 Qxd6 11. Qd2 Nd7 1/2-1/2

[Event "Kecskemet Caissa Rating 11"]
[Site "Kecskemet"]
[Date "2010.11.21"]
[Round "5"]
[White "Szente Varga, Fruzsina"]
[Black "Rousseau, Daniel"]
[Result "1/2-1/2"]
[WhiteElo "1940"]
[BlackElo "2077"]
[PlyCount "95"]
[GameId "1166653858992128"]
[EventDate "2010.11.19"]
[EventType "tourn"]
[EventRounds "10"]
[EventCountry "HUN"]
[SourceTitle "EXT 2013"]
[Source "ChessBase"]
[SourceDate "2012.11.22"]
[SourceVersion "1"]
[SourceVersionDate "2012.11.22"]
[SourceQuality "1"]

1. e4 e5 2. d4 exd4 3. Qxd4 Nc6 4. Qe3 Bb4+ 5. Bd2 Qf6 6. Nc3 Nge7 7. O-O-O O-O 8. g4 d6 9. g5 Qg6 10. f4 f5 11. gxf6 Qxf6 12. Nge2 Bg4 13. Rg1 Bc5 14. Qg3 Bxg1 15. Qxg1 Be6 16. Nb5 Rac8 17. Bc3 Qg6 18. Qe3 Bg4 19. h3 Bh5 20. Re1 Bxe2 21. Bxe2 Qf7 22. Rg1 Ng6 23. f5 Nge5 24. b3 Kh8 25. Bb2 a6 26. Nc3 Ne7 27. Qg3 b5 28. Nd1 Ng8 29. Ne3 Nf6 30. Qh4 Rce8 31. Ng4 Qe7 32. Nf2 Nfd7 33. Qg3 Rg8 34. Bh5 Rd8 35. Kb1 Nf6 36. Qh4 Rd7 37. Bd1 Ne8 38. Qf4 Nf6 39. Re1 Rdd8 40. Ng4 Rde8 41. Nf2 Rgf8 42. h4 Nfd7 43. h5 Qf6 44. Nh3 Nc5 45. Qg3 Kg8 46. Bc1 Nf7 47. Bb2 Ne5 48. Bc1 1/2-1/2

[Event "Kecskemet Caissa Rating 11"]
[Site "Kecskemet"]
[Date "2010.11.23"]
[Round "8"]
[White "Rousseau, Daniel"]
[Black "Riha, Alexander"]
[Result "0-1"]
[WhiteElo "2077"]
[BlackElo "2077"]
[PlyCount "38"]
[GameId "1166653859028992"]
[EventDate "2010.11.19"]
[EventType "tourn"]
[EventRounds "10"]
[EventCountry "HUN"]
[SourceTitle "EXT 2013"]
[Source "ChessBase"]
[SourceDate "2012.11.22"]
[SourceVersion "1"]
[SourceVersionDate "2012.11.22"]
[SourceQuality "1"]

1. e4 e6 2. d4 d5 3. e5 c5 4. c3 Nc6 5. Nf3 Bd7 6. a3 Nh6 7. Bxh6 gxh6 8. b4 cxd4 9. cxd4 Bg7 10. Nbd2 O-O 11. Bd3 f6 12. Qb1 fxe5 13. Bxh7+ Kh8 14. dxe5 Nxe5 15. Ra2 Nxf3+ 16. Nxf3 e5 17. Rc2 e4 18. Nd2 Qg5 19. g3 Rxf2 0-1

[Event "Kecskemet Caissa Rating 11"]
[Site "Kecskemet"]
[Date "2010.11.24"]
[Round "10"]
[White "Rousseau, Daniel"]
[Black "Szente Varga, Fruzsina"]
[Result "0-1"]
[WhiteElo "2077"]
[BlackElo "1940"]
[PlyCount "134"]
[GameId "1166653859057664"]
[EventDate "2010.11.19"]
[EventType "tourn"]
[EventRounds "10"]
[EventCountry "HUN"]
[SourceTitle "EXT 2013"]
[Source "ChessBase"]
[SourceDate "2012.11.22"]
[SourceVersion "1"]
[SourceVersionDate "2012.11.22"]
[SourceQuality "1"]

1. e4 Nf6 2. e5 Nd5 3. d4 d6 4. Nf3 g6 5. Be2 Bg7 6. O-O O-O 7. c4 Nb6 8. Nc3 Nc6 9. exd6 cxd6 10. h3 e5 11. d5 Ne7 12. Be3 f5 13. Qb3 Nd7 14. c5 f4 15. cxd6 Nf5 16. Bd2 Nxd6 17. Qa3 Nb6 18. Na4 e4 19. Nxb6 Qxb6 20. Ba5 Qxb2 21. Qxd6 Qxe2 22. Ng5 Qh5 23. Ne6 Bxe6 24. Qxe6+ Kh8 25. Rad1 Rfe8 26. Qg4 Qxg4 27. hxg4 b6 28. Bb4 Rad8 29. d6 Rd7 30. Rc1 Be5 31. Rfd1 a5 32. Ba3 b5 33. Rd5 Kg8 34. Rxb5 e3 35. Kf1 Bxd6 36. Bxd6 Rxd6 37. fxe3 fxe3 38. Rb2 Rf8+ 39. Ke1 Rdf6 40. Rcc2 Rf4 41. Ke2 Rxg4 42. Kxe3 h5 43. Rb7 Rf7 44. Rxf7 Kxf7 45. Kf3 Ra4 46. Rc7+ Kf6 47. Rc6+ Kg5 48. Rc2 Ra3+ 49. Kf2 Kf4 50. Rc4+ Ke5 51. Rc5+ Ke4 52. Rg5 Kf4 53. Rxg6 Rxa2+ 54. Kg1 a4 55. Kh2 a3 56. Ra6 Ra1 57. Ra4+ Ke3 58. Kg3 Kd3 59. Kh4 Kc3 60. Kxh5 Kb3 61. Ra8 Rh1+ 62. Kg5 a2 63. g4 a1=Q 64. Rxa1 Rxa1 65. Kh5 Kc4 66. g5 Kd5 67. Kg6 Ke6 0-1

[Event "Montreal Mercredi 05"]
[Site "Montreal CAN"]
[Date "2015.05.13"]
[Round "1"]
[White "Rousseau, Daniel"]
[Black "Cardin, Guillaume"]
[Result "1-0"]
[WhiteElo "2149"]
[BlackElo "2123"]
[PlyCount "75"]
[GameId "2160767908934288"]
[EventDate "2015.05.13"]
[EventType "tourn"]
[EventRounds "5"]
[EventCountry "CAN"]
[SourceTitle "EXT 2019"]
[Source "ChessBase"]
[SourceDate "2018.10.10"]
[SourceVersion "1"]
[SourceVersionDate "2018.10.10"]
[SourceQuality "1"]

1. d4 f5 2. Qd3 d5 3. Nf3 Nf6 4. Bf4 e6 5. e3 Be7 6. Be2 O-O 7. O-O b6 8. c4 Ba6 9. Ne5 Nfd7 10. Nd2 Nxe5 11. Bxe5 Nd7 12. Bg3 Rc8 13. Rac1 c5 14. Qa3 Bb7 15. dxc5 e5 16. f3 Bxc5 17. b4 Bd6 18. Qb3 Qe7 19. cxd5 f4 20. Bf2 fxe3 21. Bxe3 Nf6 22. Ne4 Kh8 23. Nxf6 gxf6 24. a3 Rg8 25. Rfd1 Rxc1 26. Bxc1 Qg7 27. Bf1 Qf7 28. Qd3 Qh5 29. Bb2 Rg6 30. Qb5 Rg7 31. Qe2 e4 32. Qxe4 Qxh2+ 33. Kf2 Qg3+ 34. Ke3 Bf4+ 35. Kd3 Ba6+ 36. Kc2 Rc7+ 37. Kb1 Bxf1 38. Bxf6+ 1-0

[Event "Montreal Mercredi 05"]
[Site "Montreal CAN"]
[Date "2015.05.20"]
[Round "2"]
[White "Boudreau, Daniel"]
[Black "Rousseau, Daniel"]
[Result "1/2-1/2"]
[WhiteElo "2056"]
[BlackElo "2149"]
[PlyCount "98"]
[GameId "2160767908934292"]
[EventDate "2015.05.13"]
[EventType "tourn"]
[EventRounds "5"]
[EventCountry "CAN"]
[SourceTitle "EXT 2019"]
[Source "ChessBase"]
[SourceDate "2018.10.10"]
[SourceVersion "1"]
[SourceVersionDate "2018.10.10"]
[SourceQuality "1"]

1. e4 e5 2. Nc3 Nf6 3. Bc4 Bc5 4. f4 d6 5. Nf3 a6 6. d3 Nc6 7. a3 Ng4 8. Ng5 exf4 9. Bxf4 Nce5 10. Bb3 Bf2+ 11. Kd2 c6 12. Nh3 Ba7 13. Rf1 O-O 14. Qe2 Ng6 15. Bg5 Qa5 16. Rf3 Nxh2 17. Rg3 Qe5 18. Qe1 Nf1+ 19. Qxf1 Qxg3 20. Ne2 Qe5 21. Nef4 Be6 22. Nxg6 hxg6 23. Bf4 Qa5+ 24. Kc1 Bxb3 25. cxb3 Qc5+ 26. Kb1 f6 27. Ka2 Rad8 28. Bd2 g5 29. Qf3 Qe5 30. Rh1 d5 31. Bb4 c5 32. Bc3 d4 33. Be1 Qe8 34. Nf2 Qg6 35. Ng4 Bb8 36. Qh3 b6 37. Bg3 Bxg3 38. Qxg3 Rf7 39. Qh3 Rfd7 40. e5 f5 41. e6 Qxe6 42. Qh8+ Kf7 43. Qh5+ Ke7 44. Qxg5+ Kd6 45. Qf4+ Kd5 46. Qf3+ Kd6 47. Qf4+ Kd5 48. Qf3+ Kd6 49. Qf4+ Kd5 1/2-1/2

[Event "Montreal Mercredi 05"]
[Site "Montreal CAN"]
[Date "2015.05.27"]
[Round "3"]
[White "Rousseau, Daniel"]
[Black "Lopez Linares, Lizandro"]
[Result "1/2-1/2"]
[WhiteElo "2149"]
[BlackElo "2215"]
[PlyCount "44"]
[GameId "2160767908934308"]
[EventDate "2015.05.13"]
[EventType "tourn"]
[EventRounds "5"]
[EventCountry "CAN"]
[SourceTitle "EXT 2019"]
[Source "ChessBase"]
[SourceDate "2018.10.10"]
[SourceVersion "1"]
[SourceVersionDate "2018.10.10"]
[SourceQuality "1"]

1. c4 e6 2. d4 d5 3. Nc3 Nf6 4. Nf3 Be7 5. Bg5 O-O 6. e3 Nbd7 7. Rc1 c6 8. Qc2 dxc4 9. Bxc4 Nd5 10. Bxe7 Qxe7 11. a3 Nxc3 12. Qxc3 b6 13. O-O Bb7 14. Rfd1 Rac8 15. b4 c5 16. bxc5 Bxf3 17. gxf3 Qg5+ 18. Kh1 Qf6 19. f4 bxc5 20. d5 Qxc3 21. Rxc3 exd5 22. Rxd5 Nb6 1/2-1/2

[Event "Montreal Mercredi 05"]
[Site "Montreal CAN"]
[Date "2015.06.03"]
[Round "4"]
[White "Cloutier, Mathieu"]
[Black "Rousseau, Daniel"]
[Result "1-0"]
[WhiteElo "2088"]
[BlackElo "2149"]
[PlyCount "89"]
[GameId "2160767908934313"]
[EventDate "2015.05.13"]
[EventType "tourn"]
[EventRounds "5"]
[EventCountry "CAN"]
[SourceTitle "EXT 2019"]
[Source "ChessBase"]
[SourceDate "2018.10.10"]
[SourceVersion "1"]
[SourceVersionDate "2018.10.10"]
[SourceQuality "1"]

1. e4 e5 2. Nf3 Nc6 3. Bb5 a6 4. Ba4 Nf6 5. O-O b5 6. Bb3 Be7 7. Re1 d6 8. c3 O-O 9. h3 Bb7 10. d3 Na5 11. Bc2 c5 12. Nbd2 Re8 13. Nf1 Bf8 14. Bg5 h6 15. Bh4 Be7 16. Ne3 g6 17. Nh2 Nh5 18. Bxe7 Qxe7 19. b4 cxb4 20. cxb4 Nc6 21. Nd5 Qg5 22. Nc7 Nd4 23. Nf3 Nxf3+ 24. Qxf3 Rec8 25. Nxa8 Rxc2 26. Nb6 f5 27. Nd5 Bxd5 28. exd5 Nf4 29. a4 Rc3 30. Re3 Rxd3 31. h4 Qxh4 32. g3 Nh3+ 33. Kg2 Rxe3 34. fxe3 Qg4 35. Qxg4 fxg4 36. axb5 axb5 37. Ra6 Ng5 38. Rxd6 Kf7 39. Rb6 Ne4 40. Rxb5 Nc3 41. Rc5 Nd1 42. b5 Nxe3+ 43. Kg1 Nf5 44. b6 Nd6 45. b7 1-0

[Event "Montreal Mercredi 05"]
[Site "Montreal CAN"]
[Date "2015.06.10"]
[Round "5"]
[White "Rousseau, Daniel"]
[Black "Lebeau, Gilbert"]
[Result "1-0"]
[WhiteElo "2149"]
[BlackElo "2073"]
[PlyCount "71"]
[GameId "2160767908934330"]
[EventDate "2015.05.13"]
[EventType "tourn"]
[EventRounds "5"]
[EventCountry "CAN"]
[SourceTitle "EXT 2019"]
[Source "ChessBase"]
[SourceDate "2018.10.10"]
[SourceVersion "1"]
[SourceVersionDate "2018.10.10"]
[SourceQuality "1"]

1. e4 e6 2. d4 d5 3. Nd2 Nf6 4. e5 Nfd7 5. Bd3 c5 6. c3 Nc6 7. Ne2 Qb6 8. Nf3 Be7 9. O-O O-O 10. a3 f6 11. exf6 Nxf6 12. b4 cxd4 13. cxd4 Qc7 14. b5 Nd8 15. Bf4 Bd6 16. Rc1 Qe7 17. Bxd6 Qxd6 18. Rc3 Nf7 19. Re1 e5 20. dxe5 Nxe5 21. Nxe5 Qxe5 22. Nd4 Qf4 23. g3 Qh6 24. Nf5 Qh3 25. Ne7+ Kh8 26. Bf1 Qh6 27. Qc1 Qh5 28. Nxc8 Ng4 29. h3 Nxf2 30. Ne7 Ne4 31. Rd3 Qf7 32. Qe3 Qxe7 33. Rxd5 Rae8 34. Bg2 Qf6 35. Bxe4 Re7 36. Rf5 1-0

[Event "Montreal Mercredi 04"]
[Site "Montreal CAN"]
[Date "2015.04.01"]
[Round "1"]
[White "Rousseau, Daniel"]
[Black "Lebeau, Gilbert"]
[Result "1-0"]
[WhiteElo "2115"]
[BlackElo "2082"]
[PlyCount "115"]
[GameId "2160767908951291"]
[EventDate "2015.04.01"]
[EventType "swiss"]
[EventRounds "5"]
[EventCountry "CAN"]
[SourceTitle "EXT 2022"]
[Source "ChessBase"]
[SourceDate "2021.10.06"]
[SourceVersion "1"]
[SourceVersionDate "2021.10.06"]
[SourceQuality "1"]

1. e4 e6 2. d4 d5 3. Nc3 Nf6 4. e5 Nfd7 5. f4 c5 6. Nf3 Nc6 7. Be3 a6 8. Qd2 b5 9. a3 Qa5 10. dxc5 Bxc5 11. Bxc5 Nxc5 12. Nd4 Nxd4 13. Qxd4 Qc7 14. Bd3 O-O 15. O-O Nxd3 16. cxd3 g6 17. Rac1 Qe7 18. Ne2 b4 19. a4 a5 20. Rc5 Qd8 21. Rfc1 Ba6 22. g3 Qb6 23. Kf2 Rfd8 24. Ke3 Kf8 25. Rc7 Qxd4+ 26. Nxd4 Rdc8 27. Rxc8+ Bxc8 28. Rc7 Ke8 29. b3 Bd7 30. Nf3 Kd8 31. Rc5 h6 32. Kd4 Ra6 33. g4 Bc6 34. Rc1 Kd7 35. Ke3 d4+ 36. Nxd4 Bd5 37. Rc5 Ra8 38. Kd2 Ra6 39. Kc2 Ra8 40. Kb2 Ra6 41. Nc2 Rc6 42. Rxa5 Rc3 43. Rxd5+ exd5 44. Nxb4 d4 45. a5 Ke6 46. a6 Rc7 47. Ka3 g5 48. fxg5 hxg5 49. Ka4 Kd7 50. Kb5 f6 51. exf6 Kc8 52. Kb6 Kb8 53. a7+ Ka8 54. Nd5 Rb7+ 55. Kc5 Kxa7 56. b4 Rh7 57. Kxd4 Rxh2 58. Ke5 1-0

[Event "Montreal Mercredi 04"]
[Site "Montreal CAN"]
[Date "2015.04.08"]
[Round "2"]
[White "Lopez Linares, Lizandro"]
[Black "Rousseau, Daniel"]
[Result "1/2-1/2"]
[WhiteElo "2230"]
[BlackElo "2115"]
[PlyCount "41"]
[GameId "2160767908951300"]
[EventDate "2015.04.01"]
[EventType "swiss"]
[EventRounds "5"]
[EventCountry "CAN"]
[SourceTitle "EXT 2022"]
[Source "ChessBase"]
[SourceDate "2021.10.06"]
[SourceVersion "1"]
[SourceVersionDate "2021.10.06"]
[SourceQuality "1"]

1. d4 Nf6 2. Bg5 Ne4 3. Bf4 c5 4. f3 Qa5+ 5. c3 Nf6 6. d5 d6 7. e4 Nbd7 8. Nd2 g6 9. Nc4 Qc7 10. a4 Bg7 11. g4 O-O 12. Bd3 a6 13. Ne2 Rb8 14. a5 b5 15. axb6 Nxb6 16. Na5 e6 17. dxe6 fxe6 18. O-O e5 19. Be3 c4 20. Bc2 Be6 21. h3 1/2-1/2

[Event "Montreal Mercredi 04"]
[Site "Montreal CAN"]
[Date "2015.04.15"]
[Round "3"]
[White "Rousseau, Daniel"]
[Black "Tremblay, Alain"]
[Result "1-0"]
[WhiteElo "2115"]
[BlackElo "2053"]
[PlyCount "77"]
[GameId "2160767908959504"]
[EventDate "2015.04.01"]
[EventType "swiss"]
[EventRounds "5"]
[EventCountry "CAN"]
[SourceTitle "EXT 2022"]
[Source "ChessBase"]
[SourceDate "2021.10.06"]
[SourceVersion "1"]
[SourceVersionDate "2021.10.06"]
[SourceQuality "1"]

1. e4 d6 2. d4 Nf6 3. Nc3 g6 4. Nf3 Bg7 5. Be2 O-O 6. O-O a5 7. h3 Na6 8. Bf4 c5 9. d5 Nc7 10. Re1 Rb8 11. a4 Nfe8 12. Bc4 Bd7 13. Qe2 e5 14. dxe6 Nxe6 15. Bg3 Bc6 16. Rad1 Nd4 17. Nxd4 Bxd4 18. e5 Qg5 19. Rxd4 cxd4 20. Ne4 Bxe4 21. Qxe4 Rc8 22. e6 Nf6 23. exf7+ Kg7 24. Qxd4 d5 25. Bd3 Rc6 26. Bb5 Rxc2 27. Bf4 Qh4 28. Bf1 g5 29. g3 Qh6 30. Be5 Rc6 31. Bb5 Rxf7 32. Qxd5 Rc8 33. Bc4 Re7 34. Re3 Rce8 35. Bc3 Qg6 36. Rxe7+ Rxe7 37. Qg8+ Kh6 38. Qf8+ Qg7 39. Qxf6+ 1-0

[Event "Montreal Mercredi 04"]
[Site "Montreal CAN"]
[Date "2015.04.22"]
[Round "4"]
[White "Rousseau, Daniel"]
[Black "Cardin, Guillaume"]
[Result "1-0"]
[WhiteElo "2115"]
[BlackElo "2107"]
[PlyCount "43"]
[GameId "2160767908959513"]
[EventDate "2015.04.01"]
[EventType "swiss"]
[EventRounds "5"]
[EventCountry "CAN"]
[SourceTitle "EXT 2022"]
[Source "ChessBase"]
[SourceDate "2021.10.06"]
[SourceVersion "1"]
[SourceVersionDate "2021.10.06"]
[SourceQuality "1"]

1. e4 d5 2. exd5 Qxd5 3. Nc3 Qd6 4. d4 Nf6 5. Bc4 c6 6. Nge2 Bf5 7. Bf4 Qb4 8. Bb3 e6 9. O-O Nbd7 10. a4 a5 11. Bc7 Qe7 12. Ng3 Bg6 13. d5 Nc5 14. d6 Qd7 15. f4 Nfe4 16. Ncxe4 Nxe4 17. Nxe4 Bxe4 18. Qd4 f5 19. Rfe1 Kf7 20. Rxe4 c5 21. Qe5 Bxd6 22. Bxe6+ 1-0

[Event "Montreal Mercredi 04"]
[Site "Montreal CAN"]
[Date "2015.04.29"]
[Round "5"]
[White "Boudreau, Daniel"]
[Black "Rousseau, Daniel"]
[Result "1-0"]
[WhiteElo "2059"]
[BlackElo "2115"]
[PlyCount "69"]
[GameId "2160767908959517"]
[EventDate "2015.04.01"]
[EventType "swiss"]
[EventRounds "5"]
[EventCountry "CAN"]
[SourceTitle "EXT 2022"]
[Source "ChessBase"]
[SourceDate "2021.10.06"]
[SourceVersion "1"]
[SourceVersionDate "2021.10.06"]
[SourceQuality "1"]

1. e4 e5 2. Nc3 Nf6 3. Bc4 Bc5 4. d3 h6 5. f4 d6 6. Nf3 O-O 7. Na4 b5 8. Bxb5 c6 9. Nxc5 Qa5+ 10. Bd2 Qxb5 11. Nb3 exf4 12. Bxf4 d5 13. e5 Re8 14. O-O Qb6+ 15. Kh1 Ng4 16. d4 Ba6 17. h3 Bxf1 18. Qxf1 f5 19. Ne1 Nd7 20. hxg4 fxg4 21. Nd3 Qd8 22. Qf2 Rf8 23. Qg3 h5 24. Re1 g5 25. Bd2 Qe8 26. e6 Nf6 27. Nbc5 h4 28. Qe5 Nh7 29. Nd7 Qg6 30. Nxf8 Rxf8 31. e7 Re8 32. Bb4 h3 33. Qe6+ Qf7 34. Qxf7+ Kxf7 35. Ne5+ 1-0

[Event "Montreal Mercredi 02"]
[Site "Montreal CAN"]
[Date "2015.02.18"]
[Round "1"]
[White "Tremblay, Alain"]
[Black "Rousseau, Daniel"]
[Result "0-1"]
[WhiteElo "2117"]
[BlackElo "2093"]
[PlyCount "110"]
[GameId "2160767908976434"]
[EventDate "2015.02.18"]
[EventType "swiss"]
[EventRounds "5"]
[EventCountry "CAN"]
[SourceTitle "EXT 2022"]
[Source "ChessBase"]
[SourceDate "2021.10.06"]
[SourceVersion "1"]
[SourceVersionDate "2021.10.06"]
[SourceQuality "1"]

1. e4 Nf6 2. e5 Nd5 3. d4 d6 4. Nf3 Bg4 5. Be2 e6 6. c4 Nb6 7. exd6 cxd6 8. O-O Be7 9. b3 O-O 10. Nc3 d5 11. c5 Nc8 12. Be3 Nc6 13. b4 Bf6 14. b5 Na5 15. h3 Bxf3 16. gxf3 Ne7 17. f4 Nf5 18. Bg4 g6 19. Bxf5 gxf5 20. Qh5 Kh8 21. Kh1 Qe7 22. Rg1 Rg8 23. Rac1 Rg6 24. Rxg6 fxg6 25. Qf3 Rd8 26. Qe2 Kg8 27. f3 Nc4 28. Bf2 Kf7 29. Re1 Re8 30. a4 Qf8 31. Kg2 Re7 32. Qc2 Qh6 33. Qc1 Re8 34. Ne2 Rg8 35. Kh2 Bd8 36. Rg1 Ke8 37. Bg3 Qh5 38. Rf1 Ba5 39. Be1 Bd8 40. Bg3 Bc7 41. Qc3 Ba5 42. Qd3 Bd2 43. Bf2 Qh6 44. Bg3 Be3 45. c6 b6 46. Rd1 Qf8 47. Be1 Qd6 48. Bg3 Qb4 49. Nc3 Qb2+ 50. Kh1 Qa3 51. Qc2 Qd6 52. Ne2 Qf8 53. Kg2 g5 54. Kh2 Qh6 55. fxg5 Qxg5 0-1